[Event "Swiss Queens Wed #32"]
[Site "FIDE Online Arena INT"]
[Date "2024.09.04"]
[Round "2"]
[White "Paragua, Megan Althea"]
[Black "Bodnaruk, Anastasia"]
[Result "0-1"]
[WhiteElo "2190"]
[BlackElo "2333"]
[PlyCount "72"]
[EventDate "2024.09.04"]
[EventType "swiss (blitz)"]
[EventRounds "11"]
[EventCountry "NET"]
[SourceTitle "EXT 2025"]
[Source "ChessBase"]
[SourceDate "2024.10.14"]
[SourceVersion "1"]
[SourceVersionDate "2024.10.14"]
[SourceQuality "1"]

1. e4 c5 2. Nf3 d6 3. d4 cxd4 4. Qxd4 a6 5. Bc4 Nc6 6. Qd3 Nf6 7. Nc3 g6 8. Bg5 Bg7 9. 0-0-0 0-0 10. Bb3 Bg4 11. h4 h5 12. Kb1 Rc8 13. Qe3 Qa5 14. Nd5 Nxd5 15. exd5 Bxf3 16. gxf3 Ne5 17. Bh6 Rfe8 18. Bxg7 Kxg7 19. Rdg1 Qc5 20. Qe2 b5 21. f4 Ng4 22. f3 Ne3 23. Qd3 Kh7 24. Rg5 Kh6 25. Re1 Nf5 26. Rxf5 gxf5 27. Qxf5 f6 28. c3 Qf2 29. Rc1 Qg3 30. Bc2 Rh8 31. a3 Rcg8 32. Ka2 Rg7 33. Qe6 Qxf3 34. Qf5 Qg4 35. Qe4 Qxh4 36. Rg1 Rxg1 0-1